The oxidative mechanism in animal tissues

Elmentve itt :
Bibliográfiai részletek
Szerző: Szent-Györgyi Albert
Dokumentumtípus: Cikk
Megjelent: 1937
Sorozat:Acta Litterarum ac Scientiarum Regiae Universitatis Hungaricae Francisco-Josephinae : sectio medicorum 9 No. 1
Kulcsszavak:Orvostudomány, Biológia, Kémia
Online Access:http://acta.bibl.u-szeged.hu/31871
LEADER 00717nab a2200181 i 4500
001 acta31871
005 20210531141305.0
008 161017s1937 hu o 0|| eng d
022 |a 0365-3870 
040 |a SZTE Egyetemi Kiadványok Repozitórium  |b hun 
041 |a eng 
100 2 |a Szent-Györgyi Albert 
245 1 4 |a The oxidative mechanism in animal tissues  |h [elektronikus dokumentum] /  |c  Szent-Györgyi Albert 
260 |c 1937 
300 |a 11-38 
490 0 |a Acta Litterarum ac Scientiarum Regiae Universitatis Hungaricae Francisco-Josephinae : sectio medicorum  |v 9 No. 1 
695 |a Orvostudomány, Biológia, Kémia 
856 4 0 |u http://acta.bibl.u-szeged.hu/31871/1/medicorum_009_fasc_001_011-038.pdf  |z Dokumentum-elérés